| 000 | 01165cam a22002651 4500 | ||
|---|---|---|---|
| 001 | 77141 | ||
| 003 | BD-RjUL | ||
| 005 | 20211209082930.0 | ||
| 008 | 200227s1948 enkf 001 0 eng | ||
| 035 | _a(BD-RjUL)77365 | ||
| 040 |
_aDLC _cViRCU _dOCoLC _dDLC _beng |
||
| 041 | _aeng | ||
| 082 |
_a821.09 _223 _bTIF 1948 |
||
| 100 | 1 |
_aTillyard, E. M. W. _q(Eustace Mandeville Wetenhall), _d1889-1962. _9239918 |
|
| 245 | 1 | 0 |
_aFive poems, 1470-1870; _ban elementary essay on the background of English literature./ _cE.M.F. Tillyard |
| 260 |
_aLondon, _bChatto & Windus, _c1948. |
||
| 300 |
_aviii, 127 p.: _bplates.; _c21 cm. |
||
| 505 | 0 | _aHenryson: The testament of Cresseid, 1470?--Sir John Davies: Orchestra, 1594.--Dryden: Ode on Anne Killigrew, 1686.--Coleridge: The rime of the ancient mariner, 1798.--Swinburne: Hertha, 1870.--Epilogue.--Notes on the illustrations.--Text of Ode on Anne Killigrew.--Text of Hertha. | |
| 650 | 0 |
_aEnglish poetry _xHistory and criticism. _9239919 |
|
| 650 | 0 |
_aCressida (Fictitious character) _9239920 |
|
| 906 |
_a7 _bcbc _coclcrpl _du _encip _f19 _gy-gencatlg |
||
| 942 |
_2ddc _cBK |
||
| 999 |
_c77141 _d77141 |
||